| 000 | 00721nam a22002057a 4500 | ||
|---|---|---|---|
| 999 |
_c20761 _d20761 |
||
| 003 | AR-CdUCM | ||
| 008 | 190605b ||||| |||| 00| 0 spa d | ||
| 040 |
_aMUNICIPALIDAD PROVINCIAL DEL CUSCO _cBIBLIOTECA MUNICIPAL DEL CUSCO |
||
| 082 |
_a731 / _bP26 _24ed. |
||
| 100 |
_aParramón, Jose M. _943356 |
||
| 245 | _aLuz y sombra en dibujo artístico / | ||
| 260 |
_aBarcelona: _bInstituto Parramón, _c1969. |
||
| 300 |
_a64 páginas; _bFiguras, _c27 cm. |
||
| 440 |
_aColección aprende haciendo _943357 |
||
| 505 | _aContenido: Principios generales -- Aspectos físicos de la luz -- Clases de luz... | ||
| 650 |
_aArte _9561 |
||
| 650 |
_aContraste _943358 |
||
| 650 |
_aSimultáneos _943359 |
||
| 942 |
_2ddc _cLIBROS |
||